000 00756nam a2200265 i 4500
001 C2-0230176
003 PPAK
005 20180728160712.0
008 001028s1997 my a|||| ||||| | may d
020 _a9679062171
040 _aPPAK
_beng
_cPPAK
_erda
082 0 4 _a899.233
_223
090 0 0 _a899.233
_bSAM
_dK
100 0 _aSamsuri A. Hamid,
_eauthor
245 1 0 _aTauke
264 1 _aBandar Baru Selayang, Selangor :
_bEdusystem ,
_c1997
300 _a104 pages :
_bcolour illustrations ;
_c18 cm
336 _2rdacontent
_atext
337 _2rdamedia
_aunmediated
338 _2rdacarrier
_avolume
490 1 _aNovel kanak-kanak Edusystem
650 1 0 _aChildren's stories, Malay
830 0 _aNovel kanak-kanak Edusystem
942 _ddc
_cB
999 _c149670
_d149670